| 000 | 00753npc a2200229Ia 4500 | ||
|---|---|---|---|
| 001 | dg49-2601 [d000002737] | ||
| 003 | IT-MiCISF | ||
| 008 | 161014s9999||||xx | und|| | ||
| 040 |
_aIT-MiCISF _cIT-MiCISF |
||
| 041 | _aen | ||
| 100 | _aHimes James R. | ||
| 240 | _aImplementing the Convention on the Rights of the Child | ||
| 245 | 0 |
_aImplementing the Convention on the Rights of the Child _bResource Mobilization in Low-income Countries |
|
| 250 | _a1a ed. | ||
| 260 |
_a Firenze _bUnicef International Child Development Centre _c1996 |
||
| 300 | _app. 45 | ||
| 500 | _a / diritti-bambino, sviluppo-economico, politiche-sociali / | ||
| 650 | _asocietà | ||
| 700 | _aSaltarelli Diana | ||
| 942 | _cDD | ||
| 957 | _71 | ||
| 999 |
_a2601 _bsi _g1 _c207441 _d207441 |
||